Finanční zralost v praxi II. případové studie a pracovní listy pro školy nebo rodiče na podporu finanční gramotnosti

Salvato in:
Dettagli Bibliografici
Autore principale: Kalátová, Veronika
Natura: Libro
Lingua:ceco
Pubblicazione: Praha Nakladatelství PLOT 2023
Edizione:1. vydání
Soggetti:
Tags: Aggiungi Tag
Nessun Tag, puoi essere il primo ad aggiungerne!!

MARC

LEADER 00000nam a2200000 4500
001 0303071
005 20240909112515.9
020 |a 978-80-7428-448-9 
041 0 |a cze 
044 |a CZ 
245 1 0 |a Finanční zralost v praxi II.  |b případové studie a pracovní listy pro školy nebo rodiče na podporu finanční gramotnosti  |c Veronika Kalátová 
250 |a 1. vydání 
264 1 |a Praha  |b Nakladatelství PLOT  |c 2023 
300 |a 98 s. 
610 2 0 |a gramotnosť finančná 
610 2 0 |a pôžičky 
610 2 0 |a dôchodky 
610 2 0 |a sporenie stavebné 
610 2 0 |a investovanie 
610 2 0 |a fondy finančné 
610 2 0 |a mena virtuálna 
610 2 0 |a bezpečnosť kybernetická 
610 2 0 |a ochrana spotrebiteľa 
100 1 |a Kalátová, Veronika